[Event "Arsenyev Sazykin Memorial"]
[Site "Arsenyev"]
[Date "2008.08.15"]
[Round "4"]
[White "Demkin, Yaroslav"]
[Black "Chebotarev, Gennadiy"]
[Result "0-1"]
[WhiteElo "1911"]
[BlackElo "2017"]
[PlyCount "56"]
[EventDate "2008.08.15"]
[EventType "tourn"]
[EventRounds "11"]
[EventCountry "RUS"]
[SourceTitle "EXT 2022"]
[Source "ChessBase"]
[SourceDate "2021.10.06"]
[SourceVersion "1"]
[SourceVersionDate "2021.10.06"]
[SourceQuality "1"]

1. e4 e5 2. Nf3 Nf6 3. Nc3 d6 4. h3 Be7 5. Bb5+ c6 6. Ba4 b5 7. Bb3 b4 8. Ne2 Nxe4 9. d3 Nc5 10. 0-0 0-0 11. d4 Nxb3 12. axb3 exd4 13. Qxd4 d5 14. Bf4 c5 15. Qd2 Bb7 16. Rfe1 Nc6 17. Ng3 Bf6 18. c4 dxc4 19. bxc4 Qxd2 20. Nxd2 Bxb2 21. Rad1 Rfe8 22. Rxe8+ Rxe8 23. Nb3 Bd4 24. Bd6 Rd8 25. Ne4 f5 26. Nbxc5 fxe4 27. Nxb7 Rd7 28. Bc5 Bxf2+ 0-1